| 000 | 00612nam a2200181Ia 4500 | ||
|---|---|---|---|
| 008 | 090124s9999 xx 000 0 und d | ||
| 082 | _b42361 | ||
| 100 | _aप्रियोळकर अ.का. | ||
| 245 | _a दमयंती-स्वयंवर | ||
| 250 | _a3 | ||
| 260 |
_bव्हीनस प्रकाशन : पुणे _c1969 |
||
| 300 | _a104 | ||
| 600 | _aप्रियोळकर अ.का. | ||
| 630 | _a दमयंती-स्वयंवर | ||
| 700 | _aप्रियोळकर अ.का. | ||
| 730 | _a दमयंती-स्वयंवर | ||
| 942 | _cBOOK | ||
| 999 |
_c108533 _d108533 |
||